| 000 | 00411nam a2200169Ia 4500 | ||
|---|---|---|---|
| 008 | 230524s9999 xx 000 0 und d | ||
| 020 | _a817014888X | ||
| 082 |
_a658.3 _bPRA |
||
| 100 | _aL.M.Prasad | ||
| 245 | 0 | _aOrganisational Behaviour | |
| 250 | _a3RD | ||
| 260 |
_aNEW DELHI _bS.Chand _c2005 |
||
| 300 | _aXVI;666 | ||
| 500 | _aQuantity Number: 2 | ||
| 650 | _aOrganisational Behaviour | ||
| 942 | _cBK | ||
| 999 |
_c19660 _d19660 |
||